000 00397nam a2200157Ia 4500
003 Ost
005 20260225132547.0
008 260225s9999||||xx |||||||||||||| ||und||
040 _cfsic
041 _afre
082 _a440
100 _aMohamed Tayeb Nadir
_eAuteur
245 0 _aL'agriculture dans la planification en Algerie de 1967-1977 /
245 0 _cMohamed Tayeb Nadir
942 _cكتاب
999 _c33916
_d33916